[Event "DVM U12 2011"]
[Site "Arendsee (Altmark) GER"]
[Date "2011.12.28"]
[Round "4"]
[White "Fronius, Thies"]
[Black "Dalchow, Jonas"]
[Result "1-0"]
[Termination "normal"]
[Board "8.4"]
[WhiteElo "951"]
[BlackElo "1088"]
[WhiteTeam "SK Doppelbauer Kiel"]
[BlackTeam "SC 1997 Lambsheim"]
[BlackFideId "12971251"]
[EventCountry "GER"]
[EventRounds "7"]
[EventType "team-swiss"]
[EventDate "2011.12.26"]

1. e4 e5 2. Nf3 Nc6 3. Bb5 d6 4. d3 Bg4 5. c3 Qf6 6. Nbd2 Qd8 7. O-O Nf6 8. Re1
Be7 9. h3 Bh5 10. Nf1 d5 11. Ng3 Bxf3 12. Qxf3 a6 13. Ba4 d4 14. Bd2 b5 15. Bb3
b4 16. Ba4 Qd7 17. cxd4 Qd6 18. Rac1 O-O 19. Rxc6 Qxd4 20. Nf5 Qd8 21. Qg3 g6
22. Nxe7+ Qxe7 23. Bg5 Qd8 24. Bxf6 Qd4 25. Bxe5 Qd8 26. Bxc7 Qd4 27. Qe5 Qxe5
28. Bxe5 f6 29. Rxf6 Rxf6 30. Bxf6 Rf8 31. Bb3+ Rf7 32. Bxf7+ Kxf7 33. e5 Ke6
34. g4 h6 35. f4 a5 36. Rd1 a4 37. d4 b3 38. d5+ Kd7 39. axb3 axb3 40. e6+ Ke8
41. d6 g5 42. d7+ Kf8 43. d8=Q# 1-0

[Event "DVM U12 2011"]
[Site "Arendsee (Altmark) GER"]
[Date "2011.12.28"]
[Round "4"]
[White "Meier, Lukas"]
[Black "Wichmann, Adrian"]
[Result "0-1"]
[Termination "normal"]
[Board "9.1"]
[WhiteElo "1006"]
[BlackElo "1694"]
[WhiteTeam "SV Oberursel"]
[BlackTeam "SV Seubelsdorf"]
[BlackFideId "12904708"]
[EventCountry "GER"]
[EventRounds "7"]
[EventType "team-swiss"]
[EventDate "2011.12.26"]

1. Nf3 d5 2. e3 Nf6 3. Nc3 e6 4. b3 Bd6 5. Bb2 Bd7 6. Be2 O-O 7. O-O Nc6 8. d4
Ne7 9. Bd3 Ng6 10. Rb1 Re8 11. Ne2 c6 12. Bxg6 hxg6 13. Ng5 Bxh2+ 14. Kxh2 Ng4+
15. Kg1 Qxg5 16. Nf4 e5 17. dxe5 Nxe5 18. Bxe5 Qxe5 19. Qd3 Bf5 20. Qd2 Kh7 21.
Rbc1 Rh8 22. Qd4 Qc7 23. g3 Kg8 24. a4 Qd7 25. Kg2 Bh3+ 26. Nxh3 Qxh3+ 27. Kf3
Qf5+ 28. Qf4 Qxf4+ 29. exf4 f6 30. Rce1 Kf7 31. Re2 Rae8 32. Rxe8 Rxe8 33. g4
a6 34. Rd1 Ke7 35. Kg3 Kf7 36. f3 Re2 37. c4 dxc4 38. bxc4 Rb2 39. c5 Rb4 40.
Kh4 Rxf4 41. Rd7+ Kf8 42. Rxb7 Rxa4 43. Rb6 Rc4 44. Rxa6 Rxc5 45. Ra7 Rc1 46.
f4 c5 47. f5 g5+ 48. Kh5 Rh1+ 0-1

[Event "DVM U12 2011"]
[Site "Arendsee (Altmark) GER"]
[Date "2011.12.28"]
[Round "4"]
[White "Kolb, Verena"]
[Black "Rogalski, Maximilian"]
[Result "1/2-1/2"]
[Termination "normal"]
[Board "9.2"]
[WhiteElo "964"]
[BlackElo "1010"]
[WhiteTeam "SV Seubelsdorf"]
[BlackTeam "SV Oberursel"]
[WhiteFideId "12992313"]
[EventCountry "GER"]
[EventRounds "7"]
[EventType "team-swiss"]
[EventDate "2011.12.26"]

1. e4 e5 2. Nf3 Nc6 3. Bb5 Bc5 4. Bxc6 dxc6 5. Nxe5 Qd4 6. Nd3 Qxe4+ 7. Qe2
Qxe2+ 8. Kxe2 Bb6 9. Re1 Nf6 10. Kf1+ Be6 11. Nf4 O-O 12. Nxe6 fxe6 13. Rxe6
Nd5 14. Nc3 Rxf2+ 15. Kg1 Raf8 16. h3 R2f6+ 17. Re3 Nxe3 18. dxe3 Rf1+ 19. Kh2
Bxe3 20. Ne2 R8f2 21. Bxe3 Rxa1 22. Bxf2 Rxa2 23. Bd4 c5 24. Bxc5 Rxb2 25. Bxa7
Rxc2 26. Nd4 Ra2 27. Bb8 c5 28. Nb5 Ra5 29. Nd6 Ra8 30. Bc7 Ra7 31. Bb6 Ra6 32.
Bxc5 b6 33. Bd4 Kf8 34. g4 g6 35. Kg3 Kg8 36. h4 h6 37. g5 h5 38. Kf4 Ra4 39.
Ke5 Rb4 40. Bf2 Rb2 41. Bd4 Rb1 42. Kf6 Kh7 43. Kf7 Rd1 44. Be5 Rd5 45. Ke6 Rc5
46. Bd4 Rc6 47. Kd7 Rc2 48. Bxb6 Rh2 49. Ke7 Rxh4 50. Kf7 Rf4+ 51. Ke6 Kg8 52.
Bc7 h4 53. Ne8 Rf5 54. Bd8 h3 55. Nd6 Rf4 56. Bc7 Rf2 57. Ne4 Re2 58. Kd5 h2
59. Bxh2 Rxh2 60. Ke6 Kg7 61. Ke5 Kf7 62. Nd6+ Ke7 63. Nc8+ Kf7 64. Nd6+ Kg7
65. Ne8+ Kf8 66. Nd6 Kg7 67. Ne8+ Kf8 68. Nd6 Rf2 69. Ke6 Rf1 70. Ke5 Ke7 71.
Nc8+ Kd7 72. Nd6 Kc6 73. Ne4 Kb5 74. Nd6+ Kc5 75. Ne4+ Kc4 76. Ng3 Rf3 77. Ne4
Kd3 78. Nc5+ Ke3 79. Ne6 Kf2 80. Nf4 Kg3 81. Nxg6 Kg4 82. Ke4 Rf5 83. Ne5+ Kxg5
84. Nf3+ Kf6 85. Nd4 Ra5 86. Nb3 Ra4+ 87. Kd3 Ke5 88. Nc5 Rd4+ 89. Ke3 Kd5 90.
Nb3 Rh4 91. Kd3 Rh3+ 92. Kc2 Kc4 93. Nd2+ Kb4 94. Ne4 Ka3 95. Kd2 Kb3 96. Ke2
Kc2 97. Nf2 Rg3 98. Ne4 Rb3 99. Kf2 Rd3 100. Ke2 Rh3 101. Kf2 Kd3 102. Ng5 Re3
103. Nf3 Ke4 104. Nd2+ Kf4 105. Nf1 Re5 106. Ng3 Rc5 107. Ne2+ Ke4 108. Ng3+
Kf4 109. Ne2+ Kg4 110. Ke3 Rc2 111. Nd4 Rc3+ 112. Ke4 Kg5 113. Nf3+ 1/2-1/2

[Event "DVM U12 2011"]
[Site "Arendsee (Altmark) GER"]
[Date "2011.12.28"]
[Round "4"]
[White "Spierling, Maximilian"]
[Black "Werner, Sebastian"]
[Result "1-0"]
[Termination "normal"]
[Board "9.3"]
[WhiteElo "1102"]
[BlackElo "1043"]
[WhiteTeam "SV Oberursel"]
[BlackTeam "SV Seubelsdorf"]
[EventCountry "GER"]
[EventRounds "7"]
[EventType "team-swiss"]
[EventDate "2011.12.26"]

1. e4 c5 2. Nf3 Nc6 3. Bc4 g6 4. d3 Bg7 5. O-O Nf6 6. c3 O-O 7. Re1 d6 8. h3
Bd7 9. Nbd2 Qc8 10. Nf1 Be6 11. Bb3 Bxb3 12. axb3 Nd7 13. Ng3 Nde5 14. Be3
Nxf3+ 15. Qxf3 Ne5 16. Qd1 Nc6 17. Rc1 e6 18. d4 cxd4 19. cxd4 f5 20. d5 exd5
21. Qxd5+ Rf7 22. exf5 gxf5 23. Qxd6 Bxb2 24. Rc2 Bg7 25. b4 a6 26. Rcc1 Rf6
27. Qd5+ Qe6 28. Qf3 Rc8 29. Bg5 Nd4 30. Qxb7 Qxe1+ 31. Rxe1 Rff8 32. Qxa6 Rc6
33. Qa5 h6 34. Bf4 Nc2 35. Rc1 Bb2 36. Qa2+ Rf7 37. Qxb2 Rc4 38. Bxh6 Rfc7 39.
Qa2 Kh7 40. Bd2 f4 41. Nh5 f3 42. gxf3 Rh4 43. Rxc2 Re7 44. Bg5 Re1+ 45. Kh2
Rxh5 46. Qf7+ Kh8 47. Qxh5+ Kg7 48. Rc7+ Kg8 49. Qf7+ Kh8 50. Qg7# 1-0

[Event "DVM U12 2011"]
[Site "Arendsee (Altmark) GER"]
[Date "2011.12.29"]
[Round "5"]
[White "Riehle, Marco"]
[Black "Sawlin, Leonid"]
[Result "0-1"]
[Termination "normal"]
[Board "1.1"]
[WhiteElo "1759"]
[BlackElo "1874"]
[WhiteTeam "SF Sasbach"]
[BlackTeam "TuS Makkabi Berlin"]
[WhiteFideId "12904392"]
[BlackFideId "4689542"]
[EventCountry "GER"]
[EventRounds "7"]
[EventType "team-swiss"]
[EventDate "2011.12.26"]

1. e4 e6 2. d4 d5 3. Nd2 Nf6 4. Bd3 c5 5. e5 Nfd7 6. c3 Nc6 7. Ngf3 cxd4 8.
cxd4 f6 9. exf6 Nxf6 10. O-O Bd6 11. Qe2 O-O 12. Nb3 a5 13. a4 Qb6 14. Bb5 Na7
15. Ne5 Nxb5 16. Qxb5 Qc7 17. f4 b6 18. Qc6 Bxe5 19. Qxa8 Bd6 20. Bd2 Bb7 21.
Qa7 Ra8 22. Qxa8+ Bxa8 23. Rac1 Qd7 24. Rf3 Bb7 25. Ra1 Bc6 26. Nc1 Bxa4 27.
Nd3 Ne4 28. Bc3 Bb5 29. Ne5 Qc7 30. Re1 Be8 31. h3 b5 32. Rd1 b4 33. Be1 Qc2
34. Rdd3 Bb5 35. Rde3 Be2 36. f5 Bxf3 37. Rxf3 Qd1 38. f6 Qxd4+ 39. Bf2 Qd1+
0-1

[Event "DVM U12 2011"]
[Site "Arendsee (Altmark) GER"]
[Date "2011.12.29"]
[Round "5"]
[White "Lagunow, Raphael"]
[Black "Ehmann, Thilo"]
[Result "1/2-1/2"]
[Termination "normal"]
[Board "1.2"]
[WhiteElo "1801"]
[BlackElo "1860"]
[WhiteTeam "TuS Makkabi Berlin"]
[BlackTeam "SF Sasbach"]
[WhiteFideId "24652644"]
[BlackFideId "12940968"]
[EventCountry "GER"]
[EventRounds "7"]
[EventType "team-swiss"]
[EventDate "2011.12.26"]

1. e4 d5 2. exd5 Qxd5 3. Nc3 Qd6 4. d4 c6 5. Nf3 Bf5 6. Be2 Nf6 7. O-O e6 8.
Be3 Nbd7 9. Qd2 Be7 10. a3 Qc7 11. Rfd1 O-O 12. Bf4 Bd6 13. Bxd6 Qxd6 14. Rac1
Rfd8 15. Qe1 Nf8 16. Nb1 Ng6 17. g3 Rd7 18. Nbd2 Qc7 19. Nc4 Rad8 20. c3 Re7
21. a4 Nd7 22. Ne3 Rde8 23. Qf1 Nf6 24. Nd2 h5 25. f4 h4 26. Nxf5 exf5 27. Bd3
Ne4 28. Qf3 Nxd2 29. Rxd2 1/2-1/2

[Event "DVM U12 2011"]
[Site "Arendsee (Altmark) GER"]
[Date "2011.12.29"]
[Round "5"]
[White "Martin, Julian"]
[Black "Schmidek, Emil"]
[Result "0-1"]
[Termination "normal"]
[Board "1.3"]
[WhiteElo "1576"]
[BlackElo "1792"]
[WhiteTeam "SF Sasbach"]
[BlackTeam "TuS Makkabi Berlin"]
[WhiteFideId "12941000"]
[BlackFideId "12908150"]
[EventCountry "GER"]
[EventRounds "7"]
[EventType "team-swiss"]
[EventDate "2011.12.26"]

1. e4 e5 2. Nf3 Nc6 3. d4 exd4 4. Bc4 Nf6 5. e5 d5 6. Bb5 Ne4 7. Nxd4 Bc5 8.
Be3 O-O 9. Nxc6 bxc6 10. Bxc5 Nxc5 11. Bxc6 Rb8 12. O-O Rxb2 13. Qd4 Rxc2 14.
Na3 Ne6 15. Qxd5 Rc5 16. Qxd8 Rxd8 17. Rac1 Rd2 18. Rxc5 Nxc5 19. Rb1 Kf8 20.
h3 Ke7 21. Nb5 Bf5 22. Ra1 Nd3 23. Nxa7 Rxf2 24. Bb5 Rb2 25. Nc6+ Kf8 26. Bxd3
Bxd3 27. Rd1 Rb1 28. Rxb1 Bxb1 29. a3 Be4 30. Na5 Bd5 31. Kf2 Ke7 32. g3 Ke6
33. Ke3 Kxe5 34. g4 g6 35. Kd3 f5 36. Nc4+ Bxc4+ 37. Kxc4 f4 38. Kd3 g5 39. a4
Kd5 40. a5 Kc5 41. Ke4 Kb5 42. h4 h6 43. hxg5 hxg5 44. Kd4 Kxa5 45. Kc4 c5 46.
Kxc5 f3 47. Kd4 f2 48. Ke3 f1=Q 49. Kd2 Qf3 50. Ke1 Qxg4 51. Kf2 Qh3 52. Kg1
Kb4 53. Kf2 g4 54. Kg1 Kc3 55. Kf2 Qf3+ 56. Kg1 Qe2 57. Kh1 g3 58. Kg1 Qf2+ 59.
Kh1 Qh2# 0-1

[Event "DVM U12 2011"]
[Site "Arendsee (Altmark) GER"]
[Date "2011.12.29"]
[Round "5"]
[White "Hübner, Alan-Ari"]
[Black "Riehle, Fabio"]
[Result "1-0"]
[Termination "normal"]
[Board "1.4"]
[WhiteElo "1677"]
[BlackElo "981"]
[WhiteTeam "TuS Makkabi Berlin"]
[BlackTeam "SF Sasbach"]
[WhiteFideId "12903965"]
[BlackFideId "36052140"]
[EventCountry "GER"]
[EventRounds "7"]
[EventType "team-swiss"]
[EventDate "2011.12.26"]

1. d4 d5 2. c4 e6 3. Nc3 c5 4. Nf3 cxd4 5. Nxd4 e5 6. Nf3 d4 7. Nd5 Nf6 8.
Nxf6+ Qxf6 9. a3 Nc6 10. e3 Bf5 11. exd4 Nxd4 12. Nxd4 O-O-O 13. Qf3 e4 14.
Qxf5+ Kb8 15. Qxf6 gxf6 16. Bf4+ Ka8 17. Nf5 Bc5 18. Be2 Rhg8 19. O-O Rg6 20.
Rad1 Rdg8 21. Ng3 a6 22. Rd5 Be7 23. Bh5 Rc8 24. Bxg6 fxg6 25. Rd7 Bc5 26. b4
Bb6 27. c5 Bd8 28. Rfd1 e3 29. Rxd8 Rxd8 30. Rxd8+ Ka7 31. Bxe3 a5 32. c6+ b6
33. c7 h6 34. c8=Q axb4 35. Qa8# 1-0

[Event "DVM U12 2011"]
[Site "Arendsee (Altmark) GER"]
[Date "2011.12.29"]
[Round "5"]
[White "Balazs, Balint"]
[Black "Tong, Kevin"]
[Result "1-0"]
[Termination "normal"]
[Board "2.2"]
[WhiteElo "1670"]
[BlackElo "1512"]
[WhiteTeam "Hagener SV"]
[BlackTeam "SC Erlangen"]
[WhiteFideId "12922757"]
[BlackFideId "12913944"]
[EventCountry "GER"]
[EventRounds "7"]
[EventType "team-swiss"]
[EventDate "2011.12.26"]

1. e4 c5 2. Nf3 g6 3. d4 cxd4 4. Nxd4 Bg7 5. Nc3 Nc6 6. Be3 Nf6 7. Bc4 O-O 8.
Bb3 d6 9. f3 Bd7 10. Qd2 Rc8 11. Nxc6 Bxc6 12. Bh6 b5 13. h4 Kh8 14. g4 b4 15.
Ne2 Ng8 16. Bxg7+ Kxg7 17. h5 a5 18. hxg6 hxg6 19. Nf4 Nf6 20. Nxg6 Nxe4 21.
Qh6+ Kf6 22. Qf4+ Kg7 23. Nxf8 Qxf8 24. Qh6+ Kg8 25. Qh8# 1-0

[Event "DVM U12 2011"]
[Site "Arendsee (Altmark) GER"]
[Date "2011.12.29"]
[Round "5"]
[White "Wegmann, Simon"]
[Black "Laubrock, Paul"]
[Result "1-0"]
[Termination "normal"]
[Board "2.3"]
[WhiteElo "1408"]
[BlackElo "1676"]
[WhiteTeam "SC Erlangen"]
[BlackTeam "Hagener SV"]
[WhiteFideId "1270758"]
[BlackFideId "1270509"]
[EventCountry "GER"]
[EventRounds "7"]
[EventType "team-swiss"]
[EventDate "2011.12.26"]

1. e4 e6 2. b3 d5 3. Bb2 Nf6 4. exd5 exd5 5. Nc3 c6 6. Qe2+ Qe7 7. O-O-O Qxe2
8. Bxe2 Bd6 9. Nf3 Bf5 10. Rde1 O-O 11. Nd1 Nbd7 12. Ne3 Bg6 13. h4 Rfe8 14.
Bd1 Re7 15. Kb1 Rae8 16. Reg1 Nc5 17. d3 Ne6 18. Bxf6 gxf6 19. h5 d4 20. Nc4
Bb4 21. hxg6 fxg6 22. g3 Nc7 23. Nxd4 Nd5 24. a3 Bc5 25. Ne2 Bxf2 26. Rf1 Bb6
27. Nxb6 axb6 28. Rf2 Ne3 29. Kc1 Ng4 30. Rf4 f5 31. Nc3 h5 32. Bxg4 hxg4 33.
Rff1 Kg7 34. Kb1 b5 35. Re1 1-0

[Event "DVM U12 2011"]
[Site "Arendsee (Altmark) GER"]
[Date "2011.12.29"]
[Round "5"]
[White "Hoppe, Andreas"]
[Black "Tschammer, Kai"]
[Result "1-0"]
[Termination "normal"]
[Board "2.4"]
[WhiteElo "1411"]
[BlackElo "946"]
[WhiteTeam "Hagener SV"]
[BlackTeam "SC Erlangen"]
[WhiteFideId "12922811"]
[BlackFideId "12939099"]
[EventCountry "GER"]
[EventRounds "7"]
[EventType "team-swiss"]
[EventDate "2011.12.26"]

1. d4 d5 2. e3 Nf6 3. Bd3 Nc6 4. c3 Bd7 5. Nd2 g6 6. e4 dxe4 7. Nxe4 Bg7 8. Nf3
Nxe4 9. Bxe4 Bg4 10. Bf4 O-O 11. Qd2 Qc8 12. O-O Rd8 13. Qe3 Be6 14. Bh6 Bxh6
15. Qxh6 f6 16. Rfe1 Bd5 17. Re2 Qg4 18. Rae1 Rd6 19. Bxd5+ Rxd5 20. Rxe7 Nxe7
21. Rxe7 Rh5 22. Qg7# 1-0

[Event "DVM U12 2011"]
[Site "Arendsee (Altmark) GER"]
[Date "2011.12.29"]
[Round "5"]
[White "Poghosyan, Tigran"]
[Black "Surguchov, Alexander"]
[Result "1/2-1/2"]
[Termination "normal"]
[Board "3.1"]
[WhiteElo "1770"]
[BlackElo "1602"]
[WhiteTeam "Lübecker SV"]
[BlackTeam "Verein f.S.u.F. Düsseldorf"]
[WhiteFideId "12909319"]
[BlackFideId "1272035"]
[EventCountry "GER"]
[EventRounds "7"]
[EventType "team-swiss"]
[EventDate "2011.12.26"]

1. e4 e6 2. d4 d5 3. Nd2 c5 4. exd5 Qxd5 5. Ngf3 cxd4 6. Bc4 Qd6 7. O-O Nc6 8.
Re1 Bd7 9. Nb3 O-O-O 10. Nbxd4 Nxd4 11. Qxd4 Qxd4 12. Nxd4 Bc5 13. Be3 Be7 14.
Rad1 Bf6 15. c3 Ne7 16. Rd2 a6 17. Red1 Nc6 18. Nxc6 Bxc6 19. Rxd8+ Rxd8 20.
Rxd8+ Bxd8 21. Bd4 g6 22. f3 b5 23. Bd3 Kb7 24. Kf2 Bc7 25. g3 Bb6 26. Bxb6
Kxb6 27. b4 Bd5 28. a3 Kc6 29. Ke3 Kd6 1/2-1/2

[Event "DVM U12 2011"]
[Site "Arendsee (Altmark) GER"]
[Date "2011.12.29"]
[Round "5"]
[White "Berezhnoy, Alex"]
[Black "Kololli, Kevin"]
[Result "0-1"]
[Termination "normal"]
[Board "3.2"]
[WhiteElo "1472"]
[BlackElo "1762"]
[WhiteTeam "Verein f.S.u.F. Düsseldorf"]
[BlackTeam "Lübecker SV"]
[WhiteFideId "12918997"]
[BlackFideId "12936863"]
[EventCountry "GER"]
[EventRounds "7"]
[EventType "team-swiss"]
[EventDate "2011.12.26"]

1. e4 e5 2. Nf3 Nc6 3. d4 exd4 4. Bc4 Nf6 5. O-O Nxe4 6. Re1 d5 7. Bxd5 Qxd5 8.
Nc3 Qh5 9. Nxe4 Be7 10. Nxd4 Qxd1 11. Rxd1 Nxd4 12. Rxd4 Bf5 13. Ng3 Bg6 14.
Bf4 c6 15. Re1 Rd8 16. Rxd8+ Kxd8 17. Bc7+ Kd7 18. c4 Bb4 19. Rd1+ Kxc7 20. a3
Be7 21. f4 Bc5+ 22. Kf1 Bc2 23. Rd2 Bb3 24. Ke1 Re8+ 25. Re2 Rxe2+ 26. Kxe2
Bxc4+ 27. Kf3 Bd5+ 28. Kg4 Bxg2 29. Nf5 g6 30. Nh6 f5+ 31. Kg5 Be7# 0-1

[Event "DVM U12 2011"]
[Site "Arendsee (Altmark) GER"]
[Date "2011.12.29"]
[Round "5"]
[White "Altemüller, Jakob"]
[Black "Schmitz, Fabian"]
[Result "1/2-1/2"]
[Termination "normal"]
[Board "3.3"]
[WhiteElo "1481"]
[BlackElo "1287"]
[WhiteTeam "Lübecker SV"]
[BlackTeam "Verein f.S.u.F. Düsseldorf"]
[BlackFideId "12965006"]
[EventCountry "GER"]
[EventRounds "7"]
[EventType "team-swiss"]
[EventDate "2011.12.26"]

1. e4 e6 2. d3 d5 3. Nd2 c5 4. Ngf3 Nc6 5. g3 Nf6 6. Bg2 dxe4 7. dxe4 Be7 8.
O-O O-O 9. Re1 e5 10. c3 Bg4 11. Qc2 Qc7 12. Nf1 Bh5 13. Nh4 Ng4 14. f3 Nf6 15.
Nf5 Bg6 16. N1e3 Rad8 17. b3 b5 18. Bb2 Rd7 19. Rad1 Rfd8 20. Rxd7 Rxd7 21. Bh3
Rd8 1/2-1/2

[Event "DVM U12 2011"]
[Site "Arendsee (Altmark) GER"]
[Date "2011.12.29"]
[Round "5"]
[White "Gula, Julian"]
[Black "Tiedemann, Fin Niklas"]
[Result "0-1"]
[Termination "normal"]
[Board "3.4"]
[WhiteElo "899"]
[BlackElo "1429"]
[WhiteTeam "Verein f.S.u.F. Düsseldorf"]
[BlackTeam "Lübecker SV"]
[WhiteFideId "12954799"]
[BlackFideId "12936936"]
[EventCountry "GER"]
[EventRounds "7"]
[EventType "team-swiss"]
[EventDate "2011.12.26"]

1. e4 e5 2. Nf3 Nc6 3. Bc4 Nf6 4. d3 Bc5 5. c3 O-O 6. O-O Kh8 7. Re1 d6 8. Bg5
h6 9. Bh4 Be6 10. Nbd2 Bxc4 11. Nxc4 Qd7 12. Bxf6 gxf6 13. Nh4 Rg8 14. Qf3 Qe6
15. Nf5 Rg6 16. h4 Rag8 17. Rad1 Ne7 18. g3 Nxf5 19. exf5 Rxg3+ 20. Qxg3 Rxg3+
21. Kh2 Rh3+ 22. Kxh3 Qxf5+ 23. Kg2 Qxf2+ 24. Kh3 Qf3+ 25. Kh2 Bf2 26. Rf1 Qg3+
27. Kh1 0-1

[Event "DVM U12 2011"]
[Site "Arendsee (Altmark) GER"]
[Date "2011.12.29"]
[Round "5"]
[White "Sack, Carl-Anton"]
[Black "Ramien, David"]
[Result "1-0"]
[Termination "normal"]
[Board "4.2"]
[WhiteElo "1487"]
[BlackElo "1450"]
[WhiteTeam "SG GW Dresden"]
[BlackTeam "SG Porz"]
[WhiteFideId "1270309"]
[BlackFideId "12948241"]
[EventCountry "GER"]
[EventRounds "7"]
[EventType "team-swiss"]
[EventDate "2011.12.26"]

1. e4 g6 2. d4 Bg7 3. Be3 c5 4. Nc3 Qb6 5. Na4 Qa5+ 6. c3 cxd4 7. Bxd4 Bxd4 8.
Qxd4 Nf6 9. f3 Nc6 10. Qd1 d6 11. b4 Nxb4 12. cxb4 Qxb4+ 13. Kf2 b5 14. Bxb5+
Qxb5 15. Ne2 O-O 16. Re1 Qe8 17. g4 h6 18. h4 Nd7 19. Kg3 Ne5 20. Nf4 Bd7 21.
Nc3 Rc8 22. Ncd5 f5 23. exf5 gxf5 24. g5 Bc6 25. Ne6 Rf7 26. f4 Bxd5 27. Qxd5
Ng6 28. h5 Rc3+ 29. Kh2 Rc2+ 30. Kg1 Nxf4 31. Nxf4 hxg5 32. Ng6 Rc7 33. Qxd6
Rb7 34. Qd5 Rc7 35. Qe5 Rf6 36. Qxf6 1-0

[Event "DVM U12 2011"]
[Site "Arendsee (Altmark) GER"]
[Date "2011.12.29"]
[Round "5"]
[White "Kagan, Dennis"]
[Black "Michel, Richard"]
[Result "1/2-1/2"]
[Termination "normal"]
[Board "4.3"]
[WhiteElo "1151"]
[BlackElo "1596"]
[WhiteTeam "SG Porz"]
[BlackTeam "SG GW Dresden"]
[WhiteFideId "12983578"]
[BlackFideId "1270310"]
[EventCountry "GER"]
[EventRounds "7"]
[EventType "team-swiss"]
[EventDate "2011.12.26"]

1. e4 c5 2. Nc3 Nc6 3. g3 g6 4. Bg2 Bg7 5. d3 d6 6. Be3 e6 7. f4 Nge7 8. Nf3
O-O 9. O-O Rb8 10. Rb1 Qa5 11. d4 cxd4 12. Nxd4 Qb6 13. Nf5 Qa5 14. Nxg7 Kxg7
15. Qxd6 Rd8 16. Qc5 b6 17. Qxa5 Nxa5 18. b3 Ba6 19. Rfd1 Rdc8 20. Bd2 Rb7 21.
Rb2 Rd7 22. Bf3 Rxd2 23. Rxd2 Rxc3 24. Bg2 h6 25. Bf1 Bxf1 26. Kxf1 Re3 27. Re2
Rc3 28. Ke1 Ng8 29. Kd2 Rc7 30. Re3 Nf6 31. h3 Nb7 32. c4 Nc5 33. e5 Rd7+ 34.
Ke2 Nh5 35. b4 Na6 36. Rf3 Kf8 37. a3 Ng7 38. Rd3 Rxd3 39. Kxd3 Nh5 40. Rg2 Nc7
41. a4 Na6 42. Kc3 Ke7 43. a5 bxa5 44. bxa5 Nc5 45. Kb4 Ne4 46. Kb5 Kd7 47. Ka6
Kc7 48. Rb2 Nc5+ 49. Kxa7 Nxg3 50. a6 Nge4 51. Rb7+ Kc6 52. Rb6+ Kc7 1/2-1/2

[Event "DVM U12 2011"]
[Site "Arendsee (Altmark) GER"]
[Date "2011.12.29"]
[Round "5"]
[White "Schuler, Max"]
[Black "Suvorov, Alexander"]
[Result "1-0"]
[Termination "normal"]
[Board "4.4"]
[WhiteElo "1212"]
[BlackElo "1259"]
[WhiteTeam "SG GW Dresden"]
[BlackTeam "SG Porz"]
[WhiteFideId "12964913"]
[BlackFideId "12977063"]
[EventCountry "GER"]
[EventRounds "7"]
[EventType "team-swiss"]
[EventDate "2011.12.26"]

1. e4 e5 2. f4 exf4 3. Nf3 Be7 4. Bc4 Bh4+ 5. Kf1 d6 6. Nc3 Bg4 7. Be2 Bxf3 8.
Bxf3 Ne7 9. d4 Ng6 10. Nd5 Bg5 11. Qe2 c6 12. Nc3 O-O 13. Bd2 Re8 14. Qd3 Nd7
15. Re1 Bf6 16. Bh5 Rf8 17. Ke2 Qc7 18. Kd1 Nb6 19. Rhf1 Nh4 20. Re2 g5 21. g3
fxg3 22. hxg3 Bxd4 23. gxh4 Bg7 24. Bxg5 d5 25. exd5 Nxd5 26. Nxd5 cxd5 27. Kc1
Rae8 28. Rxe8 Rxe8 29. Bxf7+ Qxf7 30. Rxf7 Kxf7 31. Qxd5+ Kf8 32. c3 Re5 33.
Qxb7 h6 34. Bd2 Re7 35. Qf3+ Kg8 36. Qd5+ Rf7 37. Be3 Bf8 38. h5 a5 39. Bd4 Bg7
40. Bxg7 Kxg7 41. Qxa5 Rf1+ 42. Kc2 Rf2+ 43. Kb3 Rf8 44. Qe5+ Kg8 45. Qe6+ Kg7
46. Qg6+ Kh8 47. Qxh6+ Kg8 48. Qg6+ Kh8 49. h6 Rb8+ 50. Kc2 Rxb2+ 51. Kd3 Rd2+
52. Ke4 Re2+ 53. Kf5 Rf2+ 54. Ke6 Re2+ 55. Kf6 Re6+ 56. Kg5 Re5+ 57. Qf5 Re8
58. Qf6+ Kg8 59. Qg7# 1-0

[Event "DVM U12 2011"]
[Site "Arendsee (Altmark) GER"]
[Date "2011.12.29"]
[Round "5"]
[White "Kania, Markus"]
[Black "Gungl, Theo"]
[Result "1-0"]
[Termination "normal"]
[Board "5.1"]
[WhiteElo "1646"]
[BlackElo "1781"]
[WhiteTeam "MTV 1876 Saalfeld"]
[BlackTeam "USV TU Dresden"]
[WhiteFideId "12903736"]
[BlackFideId "24695653"]
[EventCountry "GER"]
[EventRounds "7"]
[EventType "team-swiss"]
[EventDate "2011.12.26"]

1. Nf3 d5 2. c4 c6 3. Nc3 Nf6 4. cxd5 cxd5 5. d4 e6 6. Bf4 Bd6 7. Bg3 O-O 8. e3
Nc6 9. Bd3 Bxg3 10. hxg3 Bd7 11. Ng5 h6 12. Nf3 Nb4 13. Bb1 Re8 14. a3 Nc6 15.
Qc2 Rc8 16. g4 e5 17. g5 hxg5 18. Nxg5 e4 19. Qd2 Na5 20. Ba2 Nc4 21. Qc2 Ng4
22. Nh3 Qh4 23. Qe2 Ngxe3 24. g3 Qh6 25. fxe3 Bxh3 26. Nxd5 Bg4 27. Rxh6 Bxe2
28. Kxe2 gxh6 29. Nf6+ Kf8 30. Nxe8 Kxe8 31. Rc1 Nd6 32. Rxc8+ Nxc8 33. g4 Ke7
34. Kf2 Nb6 35. b4 f6 36. Kg3 Kd6 37. Kf4 Na4 38. Bb1 b6 39. Bxe4 Nc3 40. Bf3
Nb1 41. a4 Nd2 42. e4 Nb3 43. e5+ fxe5+ 44. dxe5+ Ke6 45. Be2 Nd4 46. Bc4+ Ke7
47. Ke4 Nc2 48. b5 Kd7 49. Bb3 Ne1 50. Kf5 Nf3 51. Kf6 Ng5 52. Bd5 Nh7+ 53. Kg7
Ng5 54. Kxh6 Nh3 55. g5 Nf4 56. Bb3 Nd3 57. e6+ Ke7 58. g6 Nf2 59. g7 Ng4+ 60.
Kh7 1-0

[Event "DVM U12 2011"]
[Site "Arendsee (Altmark) GER"]
[Date "2011.12.29"]
[Round "5"]
[White "Scholz, Robert"]
[Black "Quandt, Franz Edmund"]
[Result "1-0"]
[Termination "normal"]
[Board "5.2"]
[WhiteElo "1776"]
[BlackElo "1095"]
[WhiteTeam "USV TU Dresden"]
[BlackTeam "MTV 1876 Saalfeld"]
[WhiteFideId "1270301"]
[EventCountry "GER"]
[EventRounds "7"]
[EventType "team-swiss"]
[EventDate "2011.12.26"]

1. e4 c5 2. Nc3 a6 3. f4 Nc6 4. Nf3 e6 5. d3 d5 6. g3 Nf6 7. Bg2 Be7 8. O-O O-O
9. Kh1 b5 10. Qe2 Qc7 11. h3 dxe4 12. Nxe4 Nd7 13. Be3 f5 14. Neg5 Nf6 15. Ne5
h6 16. Nxc6 Bb7 17. Nxe6 Qd6 18. Nxe7+ Qxe7 19. Nxf8 Rxf8 20. Bxb7 Qxb7+ 21.
Qg2 Qc7 22. Rfe1 Qc8 23. Re2 Re8 24. Rae1 c4 25. Bg1 cxd3 26. Rxe8+ Nxe8 27.
cxd3 Kh7 28. Qe2 Nf6 29. Qe6 Qb7+ 30. Kh2 Kg6 31. Qe2 Qd5 32. a3 a5 33. g4 fxg4
34. hxg4 Qd6 35. Qf3 h5 36. gxh5+ Nxh5 37. Qg4+ Kh6 38. Qg5+ 1-0

[Event "DVM U12 2011"]
[Site "Arendsee (Altmark) GER"]
[Date "2011.12.29"]
[Round "5"]
[White "Dührkop, Jasmin"]
[Black "Schamschurko, André"]
[Result "0-1"]
[Termination "normal"]
[Board "5.3"]
[WhiteElo "1135"]
[BlackElo "1738"]
[WhiteTeam "MTV 1876 Saalfeld"]
[BlackTeam "USV TU Dresden"]
[WhiteFideId "16270509"]
[BlackFideId "24695670"]
[EventCountry "GER"]
[EventRounds "7"]
[EventType "team-swiss"]
[EventDate "2011.12.26"]

1. e4 e6 2. d4 d5 3. e5 c5 4. dxc5 Bxc5 5. Nf3 Nc6 6. Bd3 Qb6 7. O-O Qc7 8. Re1
Nge7 9. a3 Ng6 10. Bxg6 hxg6 11. b4 Bf8 12. Nc3 Nxb4 13. axb4 Qxc3 14. Ra3 Qxb4
15. Rb3 Qg4 16. Ng5 Qxd1 17. Rxd1 Bc5 18. Rf3 Rh5 19. Nxf7 Rf5 20. Rxf5 gxf5
21. Nd6+ Bxd6 22. exd6 Kd7 23. Ba3 a5 24. Bb2 g6 25. Be5 b5 26. h3 b4 27. Rb1
Ba6 28. c3 Bd3 29. Rb2 Rb8 30. cxb4 Rxb4 31. Rxb4 axb4 32. f4 Kc6 33. Kf2 Bb5
34. Bd4 Kxd6 35. Ke3 Bc4 36. Kd2 Kc6 37. Kc2 Kb5 38. Kb2 Bf1 39. g4 Bxh3 40. g5
Kc4 41. Be5 d4 42. Kc2 Bg2 43. Bf6 Be4+ 44. Kd2 b3 45. Kc1 Kc3 46. Bxd4+ Kxd4
47. Kb2 Kc4 48. Ka1 Bf3 49. Kb2 Kb4 50. Kb1 Kc3 51. Ka1 b2+ 52. Kb1 Be4+ 0-1